000 00393pab a2200145 454500
008 180718b1998 xxu||||| |||| 00| 0 eng d
100 _aSmith, B.C.
245 _aLocal government and the transition to democracy (a review article)
260 _c1998
300 _ap.85-92
362 _aFeb
650 _aLocal government
773 _aPublic Administration and Development
909 _a37684
999 _c37684
_d37684